[Event "Rome Steinitz op 1st"]
[Site "Rome"]
[Date "2002.07.06"]
[Round "2"]
[White "Tinari, Marco"]
[Black "Balzano, Giuseppe"]
[Result "1-0"]
[WhiteElo "1860"]
[BlackElo "1510"]
[PlyCount "59"]
[EventDate "2002.07.05"]
[EventType "swiss"]
[EventRounds "5"]
[EventCountry "ITA"]
[SourceTitle "EXT 2007"]
[Source "ChessBase"]
[SourceDate "2006.11.23"]
[SourceVersion "1"]
[SourceVersionDate "2006.11.23"]
[SourceQuality "1"]

1. c4 Nf6 2. Nc3 g6 3. e4 d6 4. d4 Bg7 5. Nf3 0-0 6. Be2 Nbd7 7. 0-0 c5 8. e5 dxe5 9. dxe5 Ng4 10. e6 Ndf6 11. exf7+ Kxf7 12. h3 Nh6 13. Be3 b6 14. Ne5+ Kg8 15. Qxd8 Rxd8 16. Bf3 Be6 17. Bxa8 Rxa8 18. b3 Nf5 19. Bf4 Nd4 20. Bh2 Kf8 21. Rad1 Ke8 22. Nb5 Nxb5 23. cxb5 a6 24. bxa6 Rxa6 25. Nc6 Nd7 26. Rfe1 Nf8 27. Rd8+ Kf7 28. Rb8 Rxa2 29. Nd8+ Kg8 30. Nxe6 1-0